Statystyki dla Jedna rzecz nie pasuje do innych.

Kliknij tutaj aby rozwiązać quiz!

Ogólne statystyki

  • Ten quiz został rozwiązany 670 razy
    (527 od ostatniego zresetowania)
  • Średni wynik to 3 z 6

Statystyki odpowiedzi

ZagadnienieOdpowiedź% Poprawnych
TechnologiaiPhone
84%
PaństwaUkraina
70%
Państwa - głowySzwecja
55%
Gramatyka - głoskiNiedźwiedź
32%
Język - AngielskiLight
15%
GryWiedźmin
14%

Rozkład punktacji

Percentyl według liczby udzielonych odpowiedzi

Procent ludzi z każdym wynikiem

Twoja historia wyników

Nie rozwiązałeś tego quizu od ostatniego zresetowania